01867cam a22004094i 4500003000900000005001700009008004100026020001500067035002700082040003300109082001700142100002800159245006200187264006300249300006300312336002100375337002500396338002300421504002800444505072200472526000901194526000901203526000901212526000901221526000901230526000901239526000801248526000801256526000801264526000801272526000801280526000801288650002501296650007301321650003701394650002601431PE-LiUPU20250731184530.0150623s r 000 0 d a0802843298 a(Sirsi) i9780802843296 aPE-LiUPUbspacPE-LiUPUerda04a933bM422211 aMendels, Doron,eautor.14aThe rise and fall of Jewish Nationalism /cDoron Mendels. 1aMichigan :bWilliam B. Eerdmans Publishing Company,c1997. a450 páginas :bilustraciones fotos ;c23.5 centímetros atext2rdacontent aunmediated2rdamedia avolume2rdacarrier aIncluye bibliografía.0 aNationalism in the Hellenistic world in the third through first centuries B.C.E. -Nationalism and the concept of history in the Ancient Near East. -Jewish kingship in the hasmonean period. -The concept of territory: borders and boundaries (200-63 B.C.E.). -Jerusalem: Capital, temple, and cult (200-63 B.C.E.). -From militia to Army, 168-63 B.C.E. -The Jewish nationalistic movement - after the Roman occupation of Palestine. -Kingship after the Roman occupation-From Basilea to alternative concepts. -From the territorial to the A-Territorial (after the Roman Occupation). -Jerusalem and the temple, 63 B.C.E.-63 C.E. -The army, 63 B.C.E. -70 C.E. -Nationalism in revolution: the great war against Rome (66-70 C.E.). aP136 aP135 aP134 aP133 aP144 aP143 aP87 aP35 aP20 aP14 aP10 aP0604aJudaísmo y Estado.04aJudaísmoxHistoriayPeríodo post-exílico, año 586 aC-210 dC.04aJudiosxHistoriay168 aC-135 dC.04aNacionalismo judío.